000 00608nam a2200181Ia 4500
003 GCL
008 140319s9999 xx 000 0 ara d
040 _aGCL /
_cGCL
082 0 4 _a347.08
_bا ط
100 1 _aاحمد محمود جمعة
245 1 0 _aالطعون الاستئنافية امام محاكم مجلس الدولة /
_cاحمد محمود جمعة
260 _a[S.N] :
_bمنشاة المعارف الاسلامية ،
_c1986
300 _a214 ص
490 _aالكتب القانونية
_v0
650 0 4 _aالقانون
650 0 4 _aقانون المرافعات
942 _2ddc
_cBK
999 _c42454
_d42454